Sueños de frontera (Registro nro. 35458)
[ vista simple ]
| 000 -CABECERA | |
|---|---|
| Longitud fija campo de control | 00631nam a2200229 4500 |
| 003 - • IDENTIFICADOR DELl NÚMERO DE CONTROL | |
| Identificador del número de control | CO-ViMGA |
| 005 - • FECHA Y HORA DE LA ÚLTIMA TRANSACCIÓN | |
| Fecha y hora de la última transacción | 20230915233130.0 |
| 008 - • CÓDIGOS DE INFORMACIÓN DE LONGITUD FIJA | |
| Códigos de información de longitud fija | 031125s2003 mx | ||| ||spa |
| 020 ## - • NÚMERO INTERNACIONAL NORMALIZADO PARA LIBROS | |
| Número Internacional Normalizado para Libros (ISBN) | 9786070719097 |
| 040 ## - FUENTE DE LA CATALOGACIÓN | |
| Centro catalogador de origen | CO-ViMGA |
| Lengua de catalogación | spa |
| Centro transcriptor | CO-ViMGA |
| 082 04 - • NÚMERO DE LA CLASIFICACIÓN DECIMAL DEWEY | |
| Número de clasificación (R) | M863 T14s |
| 100 1# - • PUNTO DE ACCESO PRINCIPAL-NOMBRE DE PERSONA | |
| Nombre de persona | Taibo, Paco Ignacio |
| Fechas asociadas al nombre | 1949- |
| 245 10 - • TITULO PROPIAMENTE DICHO | |
| Título | Sueños de frontera |
| Medio | [Texto impreso] ; |
| Mención de responsabilidad, etc. | Paco Ignacio Taibo II |
| 250 ## - • MENCIÓN DE EDICIÓN | |
| Mención de edición | 1a. ed. |
| 300 ## - • DESCRIPCIÓN FÍSICA | |
| Extensión | 109 p. |
| Dimensiones | 18 cm |
| 490 1# - • MENCIÓN DE SERIE | |
| Mención de serie | Novela |
| 490 1# - • MENCIÓN DE SERIE | |
| Mención de serie | Serie Belascoaran |
| Designación de volumen o secuencia | 7 |
| 650 14 - • PUNTO DE ACCESO ADICIONAL DE MATERIA - TÉRMINO DE MATERIA | |
| Término de materia o nombre geográfico como elemento inicial | Novela mexicana |
| 942 ## - ENTRADA DE ELEMENTOS AGREGADOS (KOHA) | |
| Fuente de clasificaión o esquema | Dewey Decimal Classification |
| Koha [por defecto] tipo de item | LIbro |
| Perdido | Fuente de clasificación o esquema | Estado Físico | No para préstamo | Forma de adquisición | Localización permanente | Localización actual | Fecha adquisición | Préstamos totales | Signatura completa | Código de barras | Fecha última consulta | Número de copia | Fecha del precio de reemplazo | Tipo de item de Koha |
|---|---|---|---|---|---|---|---|---|---|---|---|---|---|---|
| Dewey Decimal Classification | Sala General Segundo Piso | Biblioteca Pública Germán Arciniegas - Villavicencio | Biblioteca Pública Germán Arciniegas - Villavicencio | 04/27/2016 | Me863 T14s | 29987 | 05/11/2018 | Ej. 1 | 04/27/2016 | LIbro |